000
00217nam a22000857a 4500
008
160712b xxu||||| |||| 00| 0 eng d
100
_9
2666
_a
Roy, N
245
_a
Television
260
_a
New Delhi
_b
Children Book Trust
_c
2004
999
_c
2319
_d
2319